[Event "Balkan Youth Online-ch 2020"]
[Site "Online"]
[Date "2020.10.31"]
[Round "5.5"]
[White "Lafkidis, Apostolos"]
[Black "Alimema, Alvin"]
[Result "1-0"]
[WhiteElo "1497"]
[BlackElo "1110"]
[Annotator "NA RC"]
[PlyCount "173"]
[EventDate "2020.10.31"]
[EventType "swiss"]
[SourceTitle "playchess.com"]
[Source "ChessBase"]
[SourceQuality "1"]
[TimeControl "1500+5"]

1. e4 {[%emt 0:00:00]} e5 {[%emt 0:00:00]} 2. Nf3 {[%emt 0:00:00]} Nc6 {[%emt 0:00:00]} 3. d4 {[%emt 0:00:00]} exd4 {[%emt 0:00:00]} 4. Nxd4 {[%emt 0:00:00]} Bc5 {[%emt 0:00:01]} 5. Nf5 {[%emt 0:00:00]} Qf6 {[%emt 0:01:19]} 6. Nc3 {[%emt 0:00:00]} Nge7 {[%emt 0:00:20]} 7. Ne3 {[%emt 0:00:00]} d6 {[%emt 0:00:40]} 8. Be2 {[%emt 0:00:00]} Be6 {[%emt 0:00:52]} 9. O-O {[%emt 0:00:28]} O-O {[%emt 0:00:28]} 10. Ned5 {[%emt 0:00:04]} Bxd5 {[%emt 0:00:11]} 11. exd5 {[%emt 0:00:00]} Nd4 {[%emt 0:00:41]} 12. Bd3 {[%emt 0:00:01]} Ng6 {[%emt 0:00:42]} 13. Ne4 {[%emt 0:00:07]} Qe7 {[%emt 0:01:34]} 14. Nxc5 {[%emt 0:00:10]} dxc5 {[%emt 0:00:51]} 15. c3 {[%emt 0:00:08]} c4 {[%emt 0:00:13]} 16. Bxg6 {[%emt 0:02:52]} Ne2+ {[%emt 0:00:24]} 17. Kh1 {[%emt 0:00:01]} Nxc1 {[%emt 0:00:31]} 18. Bxh7+ {[%emt 0:00:04]} Kxh7 {[%emt 0:00:02]} 19. Qh5+ {[%emt 0:02:36]} Kg8 {[%emt 0:00:22]} 20. Raxc1 {[%emt 0:01:16]} Rad8 {[%emt 0:01:29]} 21. Rcd1 {[%emt 0:03:47]} Rfe8 {[%emt 0:00:33]} 22. Rd2 {[%emt 0:04:32]} Qe1 {[%emt 0:00:41]} 23. Qd1 {[%emt 0:00:15]} Qe5 {[%emt 0:03:59]} 24. h3 {[%emt 0:00:12]} Rd6 {[%emt 0:01:16]} 25. Qa4 {[%emt 0:02:01]} Red8 {[%emt 0:03:23]} 26. Qxc4 {[%emt 0:01:31]} Rxd5 {[%emt 0:02:17]} 27. Re2 {[%emt 0:00:31]} Qd6 {[%emt 0:01:00]} 28. Rfe1 {[%emt 0:00:16]} Kf8 {[%emt 0:02:25]} 29. Qh4 {[%emt 0:00:12]} Qh6 {[%emt 0:00:43]} 30. Qxh6 {[%emt 0:00:00]} gxh6 {[%emt 0:00:00]} 31. g3 {[%emt 0:00:13]} c6 {[%emt 0:00:11]} 32. Kg2 {[%emt 0:00:01]} Rd2 {[%emt 0:00:13]} 33. Kf3 {[%emt 0:00:13]} R2d3+ {[%emt 0:00:00]} 34. Re3 {[%emt 0:00:38]} Rd2 {[%emt 0:00:05]} 35. R1e2 {[%emt 0:00:14]} a5 {[%emt 0:00:09]} 36. Re8+ {[%emt 0:00:28]} Rxe8 {[%emt 0:00:10]} 37. Rxd2 {[%emt 0:00:00]} Re7 {[%emt 0:00:01]} 38. Kg4 {[%emt 0:00:15]} Kg7 {[%emt 0:00:06]} 39. h4 {[%emt 0:00:03]} Re4+ {[%emt 0:00:00]} 40. f4 {[%emt 0:00:30]} Re7 {[%emt 0:00:00]} 41. h5 {[%emt 0:00:22]} Rc7 {[%emt 0:00:13]} 42. Kf3 {[%emt 0:00:33]} Re7 {[%emt 0:00:00]} 43. g4 {[%emt 0:00:00]} Rc7 {[%emt 0:00:00]} 44. g5 {[%emt 0:00:05]} Re7 {[%emt 0:00:00]} 45. Kg4 {[%emt 0:00:06]} Re1 {[%emt 0:00:09]} 46. Rf2 {[%emt 0:00:16]} Rg1+ {[%emt 0:00:00]} 47. Kf5 {[%emt 0:00:00]} Rd1 {[%emt 0:00:02]} 48. Rg2 {[%emt 0:01:04]} Rd5+ {[%emt 0:00:04]} 49. Ke4 {[%emt 0:00:10]} b5 {[%emt 0:00:12]} 50. Kf3 {[%emt 0:00:36]} Rd3+ {[%emt 0:00:08]} 51. Kg4 {[%emt 0:00:00]} Rd5 {[%emt 0:00:05]} 52. Re2 {[%emt 0:00:20]} Rd7 {[%emt 0:00:02]} 53. Rc2 {[%emt 0:00:17]} Rd1 {[%emt 0:00:05]} 54. b3 {[%emt 0:00:26]} Rg1+ {[%emt 0:00:18]} 55. Kf5 {[%emt 0:00:35]} Rh1 {[%emt 0:00:04]} 56. gxh6+ {[%emt 0:00:17]} Kxh6 {[%emt 0:00:01]} 57. Kf6 {[%emt 0:00:00]} Rxh5 {[%emt 0:00:04]} 58. Kxf7 {[%emt 0:00:00]} Rf5+ {[%emt 0:00:00]} 59. Ke6 {[%emt 0:00:00]} Rxf4 {[%emt 0:00:00]} 60. Kd6 {[%emt 0:00:00]} Rf6+ {[%emt 0:00:00]} 61. Kc5 {[%emt 0:00:00]} a4 {[%emt 0:00:04]} 62. bxa4 {[%emt 0:00:00]} bxa4 {[%emt 0:00:00]} 63. Kb4 {[%emt 0:00:00]} Re6 {[%emt 0:00:00]} 64. Kxa4 {[%emt 0:00:00]} Kg5 {[%emt 0:00:00]} 65. Kb4 {[%emt 0:00:00]} Kf6 {[%emt 0:00:05]} 66. Kc5 {[%emt 0:00:06]} Ke7 {[%emt 0:00:00]} 67. Kb6 {[%emt 0:00:04]} Kd7 {[%emt 0:00:09]} 68. a4 {[%emt 0:00:26]} Kc8 {[%emt 0:00:19]} 69. a5 {[%emt 0:00:00]} Re5 {[%emt 0:00:30]} 70. a6 {[%emt 0:00:02]} Kb8 {[%emt 0:00:11]} 71. a7+ {[%emt 0:00:10]} Ka8 {[%emt 0:00:00]} 72. Rd2 {[%emt 0:00:13]} Re8 {[%emt 0:00:03]} 73. Rd7 {[%emt 0:00:06]} Rc8 {[%emt 0:00:07]} 74. Rc7 {[%emt 0:00:50]} Rxc7 {[%emt 0:00:02]} 75. Kxc7 {[%emt 0:00:00]} c5 {[%emt 0:00:09]} 76. Kb6 {[%emt 0:00:02]} c4 {[%emt 0:00:00]} 77. Kc5 {[%emt 0:00:00]} Kxa7 {[%emt 0:00:00]} 78. Kxc4 {[%emt 0:00:00]} Kb7 {[%emt 0:00:00]} 79. Kb5 {[%emt 0:00:00]} Kc7 {[%emt 0:00:00]} 80. Kc5 {[%emt 0:00:00]} Kd7 {[%emt 0:00:00]} 81. Kb6 {[%emt 0:00:00]} Kc8 {[%emt 0:00:00]} 82. Kc6 {[%emt 0:00:00]} Kd8 {[%emt 0:00:00]} 83. c4 {[%emt 0:00:00]} Kc8 {[%emt 0:00:00]} 84. c5 {[%emt 0:00:00]} Kb8 {[%emt 0:00:00]} 85. Kd7 {[%emt 0:00:00]} Kb7 {[%emt 0:00:06]} 86. c6+ {[%emt 0:00:00]} Kb6 {[%emt 0:00:29]} 87. c7 {[%emt 0:00:00]} 1-0

[Event "Balkan Youth Online-ch 2020"]
[Site "Online"]
[Date "2020.10.31"]
[Round "5.6"]
[White "Yordanov, Mario"]
[Black "Palaiologou, Apostolos"]
[Result "0-1"]
[WhiteElo "1213"]
[BlackElo "1410"]
[Annotator "NA"]
[PlyCount "126"]
[EventDate "2020.10.31"]
[EventType "swiss"]
[SourceTitle "playchess.com"]
[Source "ChessBase"]
[SourceQuality "1"]
[TimeControl "1500+5"]

1. e4 {[%emt 0:00:00]} c5 {[%emt 0:00:00]} 2. Nf3 {[%emt 0:00:00]} d6 {[%emt 0:00:00]} 3. d4 {[%emt 0:00:03]} cxd4 {[%emt 0:00:00]} 4. Nxd4 {[%emt 0:00:00]} Nf6 {[%emt 0:00:00]} 5. Nc3 {[%emt 0:00:08]} a6 {[%emt 0:00:00]} 6. Be3 {[%emt 0:00:06]} e6 {[%emt 0:00:03]} 7. f3 {[%emt 0:00:14]} b5 {[%emt 0:00:49]} 8. a3 {[%emt 0:00:12]} Bb7 {[%emt 0:00:13]} 9. Qd2 {[%emt 0:00:02]} Nbd7 {[%emt 0:00:12]} 10. Nb3 {[%emt 0:00:14]} Be7 {[%emt 0:00:33]} 11. Be2 {[%emt 0:00:30]} Qc7 {[%emt 0:00:29]} 12. g4 {[%emt 0:00:15]} Nb6 {[%emt 0:01:18]} 13. h4 {[%emt 0:00:59]} Nfd7 {[%emt 0:00:51]} 14. g5 {[%emt 0:01:37]} Ne5 {[%emt 0:00:26]} 15. Bxb6 {[%emt 0:00:32]} Qxb6 {[%emt 0:00:13]} 16. O-O-O {[%emt 0:00:24]} Rb8 {[%emt 0:00:59]} 17. f4 {[%emt 0:00:30]} Nc4 {[%emt 0:00:28]} 18. Qd4 {[%emt 0:00:08]} Qxd4 {[%emt 0:00:23]} 19. Nxd4 {[%emt 0:00:05]} h6 {[%emt 0:00:39]} 20. Rdg1 {[%emt 0:00:46]} hxg5 {[%emt 0:01:13]} 21. hxg5 {[%emt 0:00:36]} Kd7 {[%emt 0:00:18]} 22. Bg4 {[%emt 0:00:51]} Ne3 {[%emt 0:01:08]} 23. Bh3 {[%emt 0:00:44]} Kc7 {[%emt 0:00:57]} 24. g6 {[%emt 0:00:10]} Bf6 {[%emt 0:00:47]} 25. Nde2 {[%emt 0:00:57]} fxg6 {[%emt 0:00:26]} 26. Rg3 {[%emt 0:00:43]} Nc4 {[%emt 0:00:28]} 27. Rhg1 {[%emt 0:00:39]} Rbe8 {[%emt 0:00:46]} 28. Bf1 {[%emt 0:02:16]} e5 {[%emt 0:01:03]} 29. fxe5 {[%emt 0:01:36]} Rxe5 {[%emt 0:00:22]} 30. Nf4 {[%emt 0:00:57]} Bxe4 {[%emt 0:01:57]} 31. Nxe4 {[%emt 0:00:50]} Rxe4 {[%emt 0:00:19]} 32. Nd5+ {[%emt 0:00:11]} Kc6 {[%emt 0:00:23]} 33. Bxc4 {[%emt 0:00:13]} Rxc4 {[%emt 0:00:53]} 34. Nxf6 {[%emt 0:00:00]} gxf6 {[%emt 0:00:00]} 35. Rxg6 {[%emt 0:00:00]} Re8 {[%emt 0:00:48]} 36. R6g2 {[%emt 0:01:11]} f5 {[%emt 0:00:01]} 37. Rf1 {[%emt 0:00:16]} f4 {[%emt 0:00:20]} 38. Rgf2 {[%emt 0:00:09]} Rf8 {[%emt 0:00:09]} 39. b3 {[%emt 0:00:03]} Re4 {[%emt 0:00:02]} 40. Kd2 {[%emt 0:00:00]} d5 {[%emt 0:00:20]} 41. Rf3 {[%emt 0:00:07]} d4 {[%emt 0:00:41]} 42. c3 {[%emt 0:02:27]} Kd5 {[%emt 0:00:09]} 43. Rd3 {[%emt 0:00:26]} Ke5 {[%emt 0:00:25]} 44. cxd4+ {[%emt 0:00:51]} Rxd4 {[%emt 0:00:04]} 45. Re1+ {[%emt 0:00:01]} Kd5 {[%emt 0:00:21]} 46. b4 {[%emt 0:00:30]} f3 {[%emt 0:00:59]} 47. Rf1 {[%emt 0:00:30]} Rxd3+ {[%emt 0:00:18]} 48. Kxd3 {[%emt 0:00:01]} f2 {[%emt 0:00:00]} 49. Ke2 {[%emt 0:00:44]} Kc4 {[%emt 0:00:13]} 50. Rb1 {[%emt 0:00:19]} f1=Q+ {[%emt 0:00:31]} 51. Rxf1 {[%emt 0:00:06]} Rxf1 {[%emt 0:00:00]} 52. Kxf1 {[%emt 0:00:00]} Kb3 {[%emt 0:00:00]} 53. Ke2 {[%emt 0:00:00]} Kxa3 {[%emt 0:00:00]} 54. Kd2 {[%emt 0:00:00]} Kxb4 {[%emt 0:00:00]} 55. Kc2 {[%emt 0:00:00]} a5 {[%emt 0:00:00]} 56. Kb2 {[%emt 0:00:00]} Kc4 {[%emt 0:00:00]} 57. Kc2 {[%emt 0:00:00]} a4 {[%emt 0:00:00]} 58. Kb2 {[%emt 0:00:00]} b4 {[%emt 0:00:00]} 59. Kc2 {[%emt 0:00:00]} a3 {[%emt 0:00:00]} 60. Kb1 {[%emt 0:00:00]} Kc3 {[%emt 0:00:05]} 61. Ka1 {[%emt 0:00:00]} b3 {[%emt 0:00:02]} 62. Kb1 {[%emt 0:00:00]} b2 {[%emt 0:00:00]} 63. Ka2 {[%emt 0:00:00]} Kc2 {[%emt 0:00:00]} 0-1

[Event "Balkan Youth Online-ch 2020"]
[Site "Online"]
[Date "2020.10.31"]
[Round "5.7"]
[White "Petrovski, Nikola"]
[Black "Domurcak, Doruk"]
[Result "0-1"]
[WhiteElo "1031"]
[BlackElo "1244"]
[Annotator "NA"]
[PlyCount "36"]
[EventDate "2020.10.31"]
[EventType "swiss"]
[SourceTitle "playchess.com"]
[Source "ChessBase"]
[SourceQuality "1"]
[TimeControl "1500+5"]

1. e4 {[%emt 0:00:00]} e5 {[%emt 0:00:00]} 2. Nf3 {[%emt 0:00:00]} Nc6 {[%emt 0:00:00]} 3. Bc4 {[%emt 0:00:01]} Bc5 {[%emt 0:00:00]} 4. c3 {[%emt 0:00:02]} Nf6 {[%emt 0:00:00]} 5. d3 {[%emt 0:00:00]} d6 {[%emt 0:00:00]} 6. h3 {[%emt 0:00:01]} h6 {[%emt 0:00:00]} 7. O-O {[%emt 0:00:01]} O-O {[%emt 0:00:00]} 8. Be3 {[%emt 0:00:00]} Bb6 {[%emt 0:00:00]} 9. Nbd2 {[%emt 0:00:00]} Ne7 {[%emt 0:00:08]} 10. d4 {[%emt 0:00:08]} Ng6 {[%emt 0:00:37]} 11. Nh2 {[%emt 0:00:34]} Qe7 {[%emt 0:00:32]} 12. Bd3 {[%emt 0:00:12]} Bd7 {[%emt 0:01:03]} 13. Qe2 {[%emt 0:02:24]} Rfe8 {[%emt 0:00:33]} 14. f3 {[%emt 0:00:13]} Rad8 {[%emt 0:01:51]} 15. Qf2 {[%emt 0:00:14]} Nh5 {[%emt 0:01:50]} 16. g4 {[%emt 0:01:55]} Nhf4 {[%emt 0:00:09]} 17. Bxf4 {[%emt 0:00:00]} Nxf4 {[%emt 0:00:00]} 18. Bc2 {[%emt 0:00:25]} Nxh3+ {[%emt 0:00:00]} 0-1

[Event "Balkan Youth Online-ch 2020"]
[Site "Online"]
[Date "2020.10.31"]
[Round "5.12"]
[White "Pehlivan, Mert"]
[Black "Magold, Filip"]
[Result "0-1"]
[WhiteElo "1653"]
[BlackElo "2043"]
[Annotator "NA"]
[PlyCount "88"]
[EventDate "2020.10.31"]
[EventType "swiss"]
[SourceTitle "playchess.com"]
[Source "ChessBase"]
[SourceQuality "1"]
[TimeControl "1500+5"]

1. e4 {[%emt 0:00:00]} c5 {[%emt 0:00:00]} 2. Nf3 {[%emt 0:00:00]} e6 {[%emt 0:00:00]} 3. d3 {[%emt 0:00:00]} d5 {[%emt 0:00:00]} 4. Nbd2 {[%emt 0:00:00]} Nf6 {[%emt 0:00:00]} 5. g3 {[%emt 0:00:00]} Nc6 {[%emt 0:00:00]} 6. Bg2 {[%emt 0:00:00]} Qc7 {[%emt 0:00:02]} 7. O-O {[%emt 0:00:00]} Be7 {[%emt 0:00:04]} 8. c3 {[%emt 0:00:12] C00: French: Unusual White 2nd moves.} b6 {[%emt 0:00:15]} 9. exd5 {[%emt 0:02:02]} exd5 {[%emt 0:00:02]} 10. Re1 {[%emt 0:00:16]} O-O {[%emt 0:00:04]} 11. Nf1 {[%emt 0:00:03]} Bg4 {[%emt 0:01:42] [#]} 12. h3 $146 {[%emt 0:00:57]} ({Predecessor:} 12. Bf4 Bd6 13. Bxd6 Qxd6 14. Qc2 h6 15. Ne3 Be6 16. Rad1 Rac8 17. d4 Rfd8 18. dxc5 Qxc5 {1-0 (73) Schmid,N (1956)-Poun,K (1941) Winterthur 2012}) 12... Bh5 {[%emt 0:00:22]} 13. g4 {[%emt 0:01:17]} Bg6 {[%emt 0:00:01]} 14. Ng3 {[%emt 0:00:12]} Bd6 {[%emt 0:00:14]} 15. Nf5 {[%emt 0:04:52]} (15. Nf1 $11) 15... Bxf5 $1 {[%emt 0:00:00]} 16. gxf5 {[%emt 0:00:01]} Rae8 {[%emt 0:00:26]} 17. Bg5 {[%emt 0:01:37]} Nd7 {[%emt 0:00:17]} 18. f6 {[%emt 0:03:35]} Rxe1+ {[%emt 0:04:56]} 19. Nxe1 {[%emt 0:00:49]} g6 {[%emt 0:04:26]} ({Not} 19... gxf6 $2 20. Bh6 $18) 20. Bxd5 {[%emt 0:01:10]} Be5 {[%emt 0:00:08]} 21. Qf3 {[%emt 0:01:03]} Nd8 {[%emt 0:00:47]} 22. h4 {[%emt 0:03:14]} Qd6 {[%emt 0:00:07]} 23. Ng2 {[%emt 0:02:40]} Nxf6 {[%emt 0:00:01]} 24. Bxf6 {[%emt 0:00:22]} Bxf6 {[%emt 0:00:00]} 25. Re1 {[%emt 0:00:20]} Kg7 {[%emt 0:00:06]} 26. Qe4 {[%emt 0:01:15]} b5 {[%emt 0:00:44]} 27. Re3 {[%emt 0:00:33]} b4 {[%emt 0:00:08]} 28. Rg3 {[%emt 0:00:29]} (28. cxb4 $11 {remains equal.} cxb4 29. b3) 28... bxc3 {[%emt 0:00:12]} 29. bxc3 {[%emt 0:00:04]} Be5 {[%emt 0:00:19]} 30. f4 {[%emt 0:00:10]} Bxc3 {[%emt 0:00:00]} 31. h5 {[%emt 0:00:00]} Qf6 {[%emt 0:00:05]} 32. hxg6 {[%emt 0:00:07]} fxg6 {[%emt 0:00:07]} 33. Kh2 {[%emt 0:00:07]} Nf7 {[%emt 0:00:07]} 34. f5 {[%emt 0:00:04]} Nd6 {[%emt 0:00:00]} 35. Qe6 {[%emt 0:00:01]} Be5 {[%emt 0:00:00]} 36. Qd7+ {[%emt 0:00:05]} Nf7 {[%emt 0:00:00]} 37. fxg6 {[%emt 0:00:08]} Bxg3+ {[%emt 0:00:00]} 38. Kxg3 {[%emt 0:00:00]} Qxg6+ {[%emt 0:00:00]} 39. Kh2 {[%emt 0:00:04]} Qd6+ {[%emt 0:00:00]} 40. Qxd6 {[%emt 0:00:03]} Nxd6 {[%emt 0:00:00]} 41. Kg3 {[%emt 0:00:03]} Rf5 {[%emt 0:00:00]} 42. Nf4 {[%emt 0:00:01]} Kf6 {[%emt 0:00:15]} 43. Kg4 $19 {[%emt 0:00:23]} Ke5 {[%emt 0:00:01]} 44. Bc6 {[%emt 0:00:11]} Rxf4+ {[%emt 0:00:00]} 0-1

[Event "Balkan Youth Online-ch 2020"]
[Site "Online"]
[Date "2020.10.31"]
[Round "5.13"]
[White "Lavrencic, Matic"]
[Black "Papaioannou, Dimitrios"]
[Result "1-0"]
[WhiteElo "2018"]
[BlackElo "1924"]
[Annotator "ChessBase"]
[PlyCount "119"]
[EventDate "2020.10.31"]
[EventType "swiss"]
[SourceTitle "playchess.com"]
[Source "ChessBase"]
[SourceQuality "1"]
[TimeControl "1500+5"]

1. e4 {[%emt 0:00:00]} e5 {[%emt 0:00:00]} 2. Nf3 {[%emt 0:00:00]} Nc6 {[%emt 0:00:00]} 3. Bb5 {[%emt 0:00:00]} a6 {[%emt 0:00:00]} 4. Ba4 {[%emt 0:00:00]} Nf6 {[%emt 0:00:00]} 5. O-O {[%emt 0:00:00]} Nxe4 {[%emt 0:00:00]} 6. d4 {[%emt 0:00:00]} b5 {[%emt 0:00:00]} 7. Bb3 {[%emt 0:00:00]} d5 {[%emt 0:00:00]} 8. dxe5 {[%emt 0:00:00]} Be6 {[%emt 0:00:00]} 9. Qe2 {[%emt 0:00:11]} Nc5 {[%emt 0:00:00]} 10. Rd1 {[%emt 0:00:00]} Nxb3 {[%emt 0:00:00]} 11. cxb3 {[%emt 0:00:08]} Be7 {[%emt 0:00:19]} 12. Be3 {[%emt 0:00:06]} O-O {[%emt 0:00:40]} 13. Nc3 {[%emt 0:00:08]} Qd7 {[%emt 0:04:33]} 14. Rac1 {[%emt 0:00:03]} Nd8 {[%emt 0:00:03]} 15. Ne4 {[%emt 0:00:40]} c6 {[%emt 0:01:37]} 16. Nc5 {[%emt 0:00:07]} Qe8 {[%emt 0:00:10]} 17. Nd4 {[%emt 0:01:28]} Bxc5 {[%emt 0:01:25]} 18. Rxc5 {[%emt 0:00:00]} Bd7 {[%emt 0:00:00]} 19. Nf3 {[%emt 0:01:15]} f6 {[%emt 0:02:11]} 20. exf6 {[%emt 0:00:22]} Rxf6 {[%emt 0:00:31]} 21. Qd3 {[%emt 0:01:06]} Qh5 {[%emt 0:01:57]} 22. Bg5 {[%emt 0:01:01]} Rxf3 {[%emt 0:01:12]} 23. Qxf3 {[%emt 0:00:41]} Qxg5 {[%emt 0:01:06]} 24. h3 {[%emt 0:02:17]} Ne6 {[%emt 0:01:13]} 25. Rc2 {[%emt 0:01:18]} Rf8 {[%emt 0:00:28]} 26. Qe3 {[%emt 0:01:19]} Nf4 {[%emt 0:01:28]} 27. Qg3 {[%emt 0:00:10]} Qh5 {[%emt 0:02:14]} 28. Re1 {[%emt 0:00:03]} Rf6 {[%emt 0:02:27]} 29. Kh2 {[%emt 0:01:00]} Kf7 {[%emt 0:01:24]} 30. Qe3 {[%emt 0:02:42]} Qf5 {[%emt 0:01:34]} 31. Rc3 {[%emt 0:00:47]} Re6 {[%emt 0:00:16]} 32. Qd2 {[%emt 0:00:17]} d4 {[%emt 0:00:17]} 33. Rf3 {[%emt 0:00:01]} g5 {[%emt 0:00:06]} 34. Rxe6 {[%emt 0:00:15]} Qxe6 {[%emt 0:00:00]} 35. Qxd4 {[%emt 0:00:09]} Kg8 {[%emt 0:00:00]} 36. Rg3 {[%emt 0:00:11]} h6 {[%emt 0:00:01]} 37. Qxf4 {[%emt 0:00:00]} Kh7 {[%emt 0:00:10]} 38. Qe3 {[%emt 0:00:05]} Qd6 {[%emt 0:00:02]} 39. Qd3+ {[%emt 0:00:00]} Qxd3 {[%emt 0:00:00]} 40. Rxd3 {[%emt 0:00:00]} Be6 {[%emt 0:00:00]} 41. Rd6 {[%emt 0:00:00]} Bd5 {[%emt 0:00:00]} 42. f3 {[%emt 0:00:00]} a5 {[%emt 0:00:00]} 43. Kg1 {[%emt 0:00:00]} a4 {[%emt 0:00:00]} 44. bxa4 {[%emt 0:00:00]} bxa4 {[%emt 0:00:00]} 45. a3 {[%emt 0:00:00]} h5 {[%emt 0:00:00]} 46. Kf2 {[%emt 0:00:00]} Kg7 {[%emt 0:00:00]} 47. Ke3 {[%emt 0:00:00]} g4 {[%emt 0:00:00]} 48. hxg4 {[%emt 0:00:00]} hxg4 {[%emt 0:00:00]} 49. Rxd5 {[%emt 0:00:00]} cxd5 {[%emt 0:00:00]} 50. fxg4 {[%emt 0:00:00]} Kf6 {[%emt 0:00:00]} 51. Kd4 {[%emt 0:00:00]} Kg5 {[%emt 0:00:00]} 52. Kxd5 {[%emt 0:00:00]} Kxg4 {[%emt 0:00:00]} 53. Kc4 {[%emt 0:00:00]} Kg3 {[%emt 0:00:00]} 54. Kb4 {[%emt 0:00:00]} Kxg2 {[%emt 0:00:00]} 55. Kxa4 {[%emt 0:00:00]} Kf3 {[%emt 0:00:00]} 56. Kb5 {[%emt 0:00:00]} Ke4 {[%emt 0:00:00]} 57. a4 {[%emt 0:00:00]} Kd5 {[%emt 0:00:00]} 58. a5 {[%emt 0:00:00]} Kd6 {[%emt 0:00:00]} 59. Kb6 {[%emt 0:00:00]} Kd7 {[%emt 0:00:00]} 60. Kb7 {[%emt 0:00:00]} 1-0

[Event "Balkan Youth Online-ch 2020"]
[Site "Online"]
[Date "2020.10.31"]
[Round "5.14"]
[White "Ipek, Egehan"]
[Black "Tsarsitalidis, Christos"]
[Result "1-0"]
[WhiteElo "1723"]
[BlackElo "1786"]
[Annotator "NA"]
[PlyCount "59"]
[EventDate "2020.10.31"]
[EventType "swiss"]
[SourceTitle "playchess.com"]
[Source "ChessBase"]
[SourceQuality "1"]
[TimeControl "1500+5"]

1. Nf3 {[%emt 0:00:00]} d5 {[%emt 0:00:00]} 2. c4 {[%emt 0:00:00]} dxc4 {[%emt 0:00:00]} 3. Qa4+ {[%emt 0:00:23]} Nd7 {[%emt 0:00:00]} 4. g3 {[%emt 0:00:20]} a6 {[%emt 0:00:04]} 5. Nc3 {[%emt 0:03:21]} Rb8 {[%emt 0:01:43]} 6. Qxc4 {[%emt 0:00:42]} b5 {[%emt 0:00:04]} 7. Qf4 {[%emt 0:01:38]} Ngf6 {[%emt 0:00:29]} 8. Bg2 {[%emt 0:00:12]} Bb7 {[%emt 0:00:12]} 9. O-O {[%emt 0:00:28]} e6 {[%emt 0:00:12]} 10. d4 {[%emt 0:00:32]} Bd6 {[%emt 0:00:21]} 11. Qd2 {[%emt 0:00:07]} b4 {[%emt 0:00:41]} 12. Na4 {[%emt 0:00:21]} Ne4 {[%emt 0:02:57]} 13. Qc2 {[%emt 0:00:30]} f5 {[%emt 0:04:37]} 14. Nd2 {[%emt 0:02:10]} Ndf6 {[%emt 0:01:37]} 15. Nxe4 {[%emt 0:01:07]} Nxe4 {[%emt 0:00:00]} 16. Nc5 {[%emt 0:00:09]} Bxc5 {[%emt 0:00:46]} 17. dxc5 {[%emt 0:00:00]} Bd5 {[%emt 0:01:23]} 18. Rd1 {[%emt 0:04:28]} Qe7 {[%emt 0:00:16]} 19. b3 {[%emt 0:04:16]} Nc3 {[%emt 0:07:06]} 20. Rd3 {[%emt 0:01:14]} Bxg2 {[%emt 0:03:36]} 21. Kxg2 {[%emt 0:00:18]} Qxc5 {[%emt 0:00:24]} 22. Bb2 {[%emt 0:02:33]} Ne4 {[%emt 0:00:11]} 23. Qxc5 {[%emt 0:00:07]} Nxc5 {[%emt 0:00:00]} 24. Re3 {[%emt 0:00:07]} Kf7 {[%emt 0:00:06]} 25. Rc1 {[%emt 0:00:06]} Nb7 {[%emt 0:00:07]} 26. Rxc7+ {[%emt 0:00:00]} Ke8 {[%emt 0:00:05]} 27. Bxg7 {[%emt 0:01:18]} Rg8 {[%emt 0:00:05]} 28. Rxe6+ {[%emt 0:00:12]} Kd8 {[%emt 0:00:00]} 29. Rf7 {[%emt 0:00:05]} Nc5 {[%emt 0:00:10]} 30. Bf6+ {[%emt 0:00:00]} 1-0

[Event "Balkan Youth Online-ch 2020"]
[Site "Online"]
[Date "2020.10.31"]
[Round "5.15"]
[White "Poupalos, Nikolaos"]
[Black "Mogirzan, Matei-Valeriu"]
[Result "0-1"]
[WhiteElo "1887"]
[BlackElo "1813"]
[Annotator "NA"]
[PlyCount "86"]
[EventDate "2020.10.31"]
[EventType "swiss"]
[SourceTitle "playchess.com"]
[Source "ChessBase"]
[SourceQuality "1"]
[TimeControl "1500+5"]

1. e4 {[%emt 0:00:00]} c6 {[%emt 0:00:13]} 2. d4 {[%emt 0:00:00]} d5 {[%emt 0:00:00]} 3. exd5 {[%emt 0:00:02]} cxd5 {[%emt 0:00:00]} 4. Bd3 {[%emt 0:00:00]} Nc6 {[%emt 0:00:02]} 5. c3 {[%emt 0:00:00]} Nf6 {[%emt 0:00:17]} 6. h3 {[%emt 0:00:00]} e5 {[%emt 0:00:22]} 7. dxe5 {[%emt 0:00:29]} Nxe5 {[%emt 0:00:41]} 8. Nf3 {[%emt 0:00:14]} Nxd3+ {[%emt 0:01:01] B13: Caro-Kann: Exchange Variation and Panov-Botvinnik Attack.} 9. Qxd3 {[%emt 0:00:00]} Bd6 {[%emt 0:00:02]} 10. O-O {[%emt 0:00:25]} O-O {[%emt 0:01:49]} 11. Nbd2 {[%emt 0:05:40] [#]} Bd7 $146 {[%emt 0:01:29]} ({Predecessor:} 11... Re8 12. Rd1 h6 13. Nf1 Bc7 14. Be3 Be6 15. Nd4 Bd7 16. Nb3 Qc8 17. Nd4 a6 {0-1 (39) Zapata,A (2424)-Wang,K (2371) Charlotte 2017}) 12. Nd4 {[%emt 0:00:38]} Rc8 {[%emt 0:01:40]} 13. N2f3 {[%emt 0:02:26]} Ne4 {[%emt 0:02:57]} 14. Be3 {[%emt 0:02:44]} Qf6 {[%emt 0:02:34]} 15. Qe2 {[%emt 0:04:04]} Bb8 {[%emt 0:05:17]} 16. Nd2 {[%emt 0:01:31]} Rfe8 {[%emt 0:00:50]} 17. Nxe4 {[%emt 0:02:32]} Rxe4 {[%emt 0:00:02]} 18. Nf3 {[%emt 0:00:10]} Rc6 {[%emt 0:02:39]} 19. Qd3 {[%emt 0:00:31]} (19. Qb5 $11) 19... Bxh3 {[%emt 0:02:15]} 20. Ng5 {[%emt 0:02:07]} Qe5 {[%emt 0:00:58]} 21. f4 {[%emt 0:00:00]} Qe7 {[%emt 0:01:18]} 22. Nxe4 {[%emt 0:00:26]} Bf5 {[%emt 0:00:12]} 23. Qxd5 {[%emt 0:00:49]} Bxe4 {[%emt 0:00:00]} 24. Qg5 {[%emt 0:00:23]} f6 {[%emt 0:00:04]} 25. Qg3 {[%emt 0:00:24]} ({White should play} 25. Qh4 $16) 25... Re6 {[%emt 0:00:06]} 26. Bd4 {[%emt 0:00:13]} f5 {[%emt 0:00:07]} 27. Qg5 {[%emt 0:00:24]} Qd7 {[%emt 0:00:01]} 28. Rad1 $2 {[%emt 0:00:39]} (28. Rf2 $11) 28... Rg6 {[%emt 0:00:01]} 29. Qxg6 {[%emt 0:00:15]} hxg6 {[%emt 0:00:00]} 30. Be5 {[%emt 0:00:00]} Qe8 {[%emt 0:00:14]} 31. Bxb8 {[%emt 0:00:17]} Qxb8 {[%emt 0:00:00]} 32. Rd4 {[%emt 0:00:00]} Qc7 {[%emt 0:00:06]} 33. g3 {[%emt 0:00:00]} Qe7 {[%emt 0:00:03]} 34. Kf2 {[%emt 0:00:05]} g5 {[%emt 0:00:03]} 35. Rfd1 {[%emt 0:00:08]} gxf4 {[%emt 0:00:02]} 36. Rd8+ {[%emt 0:00:00]} Kh7 {[%emt 0:00:00]} 37. gxf4 {[%emt 0:00:03]} Qh4+ {[%emt 0:00:00]} 38. Ke3 {[%emt 0:00:00]} Qg3+ {[%emt 0:00:04]} 39. Kd4 {[%emt 0:00:00]} Qxf4 $19 {[%emt 0:00:02]} 40. Kc5 {[%emt 0:00:02]} Qc7+ {[%emt 0:00:08]} 41. Kb4 {[%emt 0:00:00]} a5+ {[%emt 0:00:02]} 42. Kb3 {[%emt 0:00:01]} b5 {[%emt 0:00:02]} 43. a3 {[%emt 0:00:02]} Qc4# {[%emt 0:00:00]} 0-1